Diálogos I: Apología, Critón, Eutifrón, Ion, Lisis, Cármides, Hipias Menor, Hipias Mayor, Laques, Protágoras
Сохранить в:
| Главный автор: | |
|---|---|
| Формат: | |
| Язык: | Undetermined |
| Опубликовано: |
Madrid, España
Editorial Gredos
1981
|
| Предметы: | |
| Метки: |
Добавить метку
Нет меток, Требуется 1-ая метка записи!
|
MARC
| LEADER | 00000nam a2200000Ia 4500 | ||
|---|---|---|---|
| 008 | 170316s9999 xx 000 0 und d | ||
| 090 | |a 100 P-26di v.1 | ||
| 100 | |a Platón | ||
| 245 | |a Diálogos I: Apología, Critón, Eutifrón, Ion, Lisis, Cármides, Hipias Menor, Hipias Mayor, Laques, Protágoras | ||
| 260 | |a Madrid, España | ||
| 260 | |b Editorial Gredos | ||
| 260 | |c 1981 | ||
| 300 | |a 589 páginas | ||
| 650 | |a FILOSOFÍA CLÁSICA | ||
| 650 | |a APOLOGÍA | ||
| 650 | |a CRITON | ||
| 650 | |a EUTIFRON | ||
| 650 | |a ION | ||
| 650 | |a LISIS | ||
| 650 | |a CARMIDES | ||
| 650 | |a HIPIAS MENOR | ||
| 650 | |a HIPIAS MAYOR | ||
| 650 | |a LAQUES | ||
| 650 | |a PROTAGORAS | ||
| 999 | |c 17299 |d 17299 | ||
| 040 | |a cru BVZT | ||
| 942 | |c 15 D |h 100 P-26di v.1 |2 z | ||
